000 00531nam a22002057a 4500
001 37204
003 BD-RjUL
005 20211209052604.0
008 141112s2001 ii a|||| |||| 001 0 eng d
035 _a(BD-RjUL)37306
040 _aBD-RjUL
_beng
_cBD-RjUL
041 _aeng
082 _a595.7005
_bROE 2001
245 _ak
260 _aJodhpur :
_b Agrobios,
_c2001
300 _axi, 314 p. :
_b ill. ;
_c23 cm.
504 _aIncludes bibliographical reference and index.
650 _aEntomology.
_9113914
942 _2ddc
_cBK
999 _c37204
_d37204